Представление документа в формате MARC21

Поле Инд. ПП Название Значение
Тип записи a
Библиографический уровень a
001 Контрольный номер RU/IS/BASE/435060345
005 Дата корректировки 20140911132825.4
020 a ISBN 978-5-7609-0656-4
040 a Служба первич. каталог. НБ ТвГУ
b Код языка каталог. rus
e Правила каталог. PSBO
041 0_ a Код языка текста rus
098 b Факультет Экономический
c Кафедра экономической теории
100 1_ a Автор Костюкович Николай Витальевич
q Полное имя Костюкович Н. В.
245 10 a Заглавие К вопросу о форме денежного обращения в России
260 a Место издания Тверь
b Издательство Тверской государственный университет
c Дата издания 2011
504 a Библиография Библиогр.: с. 33 (1 назв.)
520 a Аннотация Темпы инфляции в России остаются высокими, что свидетельсвует о неэффективности днежно-кредитной политики российского Центробанка.
653 a Ключевые слова Денежное обращение в России
653 1_ a Ключевые слова Инфляция
a Ключевые слова Экономика
653 1_ a Ключевые слова Центробанк
653 1_ a Ключевые слова Труды Тверского государственного университета
700 a Другие авторы Цветкова, Г. В.
773 08 w Контрольный № источника RU/IS/BASE/360410434
t Название источника Факторы развития экономики России
d Место и дата издания Тверь : Тверской государственный университет, 2011
g Прочая информация С. 30-33
901 t Тип документа a
920 a Оператор Кома